<?xml version="1.0" encoding="UTF-8"?>
<record
    xmlns:xsi="http://www.w3.org/2001/XMLSchema-instance"
    xsi:schemaLocation="http://www.loc.gov/MARC21/slim http://www.loc.gov/standards/marcxml/schema/MARC21slim.xsd"
    xmlns="http://www.loc.gov/MARC21/slim">

  <leader>01342nam a2200289 a 4500</leader>
  <controlfield tag="001">28194</controlfield>
  <controlfield tag="003">BD-RjUL</controlfield>
  <controlfield tag="005">20211209051241.0</controlfield>
  <controlfield tag="008">181022s1921    enka          000 0 eng d</controlfield>
  <datafield tag="035" ind1=" " ind2=" ">
    <subfield code="a">(BD-RjUL)28275</subfield>
  </datafield>
  <datafield tag="040" ind1=" " ind2=" ">
    <subfield code="a">CSF</subfield>
    <subfield code="c">CSF</subfield>
    <subfield code="d">EQO</subfield>
    <subfield code="d">BD-RjUL</subfield>
    <subfield code="b">eng</subfield>
  </datafield>
  <datafield tag="041" ind1="1" ind2=" ">
    <subfield code="a">eng</subfield>
    <subfield code="h">per</subfield>
  </datafield>
  <datafield tag="082" ind1=" " ind2=" ">
    <subfield code="2">23</subfield>
    <subfield code="a">891.5511</subfield>
    <subfield code="b">NIR 1921</subfield>
  </datafield>
  <datafield tag="100" ind1="0" ind2=" ">
    <subfield code="a">Ni&#x1E93;&#x101;m&#x12B; &#x2BF;Ar&#x16B;z&#x324;&#x12B;,</subfield>
    <subfield code="d">active 1110-1161.</subfield>
    <subfield code="9">224046</subfield>
  </datafield>
  <datafield tag="245" ind1="1" ind2="0">
    <subfield code="a">Revised translation of the Chah&#xE1;r maq&#xE1;la ("Four discourses") of Ni&#x1E93;&#xE1;m&#xED;-i-&#x2BC;Ar&#xFA;&#x1E0D;&#xED; of Samarqand, followed by an abridged translation of M&#xED;rz&#xE1; Mu&#x1E25;ammad's notes to the Persian text /</subfield>
    <subfield code="c">by  Ar&#x16B;z&#x324;&#x12B; Ni&#x1E93;&#x101;m&#x12B; ; Edward G. Browne.</subfield>
  </datafield>
  <datafield tag="246" ind1="3" ind2="0">
    <subfield code="a">Chah&#xE1;r maq&#xE1;la ("Four discourses") of Ni&#x1E93;&#xE1;m&#xED;-i-&#x2BC;Ar&#xFA;&#x1E0D;&#xED; of Samarqand</subfield>
  </datafield>
  <datafield tag="246" ind1="3" ind2="0">
    <subfield code="a">("Four discourses") of Ni&#x1E93;&#xE1;m&#xED;-i-&#x2BC;Ar&#xFA;&#x1E0D;&#xED; of Samarqand</subfield>
  </datafield>
  <datafield tag="260" ind1=" " ind2=" ">
    <subfield code="a">London :</subfield>
    <subfield code="b"> Messrs. Luzac &amp; Co,</subfield>
    <subfield code="c">1921</subfield>
  </datafield>
  <datafield tag="300" ind1=" " ind2=" ">
    <subfield code="a">xv, 184 p. :</subfield>
    <subfield code="b">ill. ;</subfield>
    <subfield code="c">25cm.</subfield>
  </datafield>
  <datafield tag="490" ind1="1" ind2=" ">
    <subfield code="a">"E.J.W. Gibb memorial" series ;</subfield>
    <subfield code="v">v. 11, no. 2</subfield>
  </datafield>
  <datafield tag="504" ind1=" " ind2=" ">
    <subfield code="a">Includes bibliographical references and index.</subfield>
  </datafield>
  <datafield tag="650" ind1=" " ind2=" ">
    <subfield code="a">Persian prose literature   </subfield>
    <subfield code="y">Early works to 1800.   </subfield>
    <subfield code="9">224051</subfield>
  </datafield>
  <datafield tag="650" ind1=" " ind2=" ">
    <subfield code="a">Persian poetry</subfield>
    <subfield code="y">747-1500 </subfield>
    <subfield code="x">History and criticism. </subfield>
    <subfield code="9">224052</subfield>
  </datafield>
  <datafield tag="700" ind1="1" ind2=" ">
    <subfield code="a">Browne, Edward Granville,</subfield>
    <subfield code="d">1862-1926., tr.</subfield>
    <subfield code="9">224057</subfield>
  </datafield>
  <datafield tag="830" ind1=" " ind2="0">
    <subfield code="a">"E.J.W. Gibb memorial" series ;</subfield>
    <subfield code="v">v. 11, no. 2</subfield>
    <subfield code="9">224058</subfield>
  </datafield>
  <datafield tag="942" ind1=" " ind2=" ">
    <subfield code="2">ddc</subfield>
    <subfield code="c">RAR</subfield>
  </datafield>
  <datafield tag="999" ind1=" " ind2=" ">
    <subfield code="c">28194</subfield>
    <subfield code="d">28194</subfield>
  </datafield>
  <datafield tag="952" ind1=" " ind2=" ">
    <subfield code="0">0</subfield>
    <subfield code="1">0</subfield>
    <subfield code="2">ddc</subfield>
    <subfield code="4">0</subfield>
    <subfield code="7">1</subfield>
    <subfield code="8">RARE</subfield>
    <subfield code="a">RUCL</subfield>
    <subfield code="b">RUCL</subfield>
    <subfield code="c">Rare</subfield>
    <subfield code="d">1957-05-23</subfield>
    <subfield code="e">Pub. united Ltd.,</subfield>
    <subfield code="g">20.12</subfield>
    <subfield code="l">0</subfield>
    <subfield code="o">RA 891.5511 NIR 1921</subfield>
    <subfield code="r">2018-10-22 00:00:00</subfield>
    <subfield code="t">C-1</subfield>
    <subfield code="w">2021-12-09</subfield>
    <subfield code="y">RAR</subfield>
  </datafield>
</record>
